Problematika slobody v klasických teóriách demokracie a liberalizmu bakalárska práca
Salvato in:
| Autore principale: | |
|---|---|
| Ente Autore: | |
| Altri autori: | |
| Natura: | Libro |
| Lingua: | slovacco |
| Pubblicazione: |
Bratislava
2019
|
| Tags: |
Nessun Tag, puoi essere il primo ad aggiungerne!!
|
MARC
| LEADER | 00000nbm a2200000 4500 | ||
|---|---|---|---|
| 001 | 0255188 | ||
| 005 | 20210520094527.6 | ||
| 041 | 0 | |a slo | |
| 044 | |a SK | ||
| 245 | 1 | 0 | |a Problematika slobody v klasických teóriách demokracie a liberalizmu |b bakalárska práca |c Patrícia Bokorová ; školiteľ: František Škvrnda ml. |
| 264 | 1 | |a Bratislava |c 2019 | |
| 300 | |a 52 s. | ||
| 100 | 1 | |a Bokorová, Patrícia | |
| 700 | 1 | |a Škvrnda, František, ml., 1987- | |
| 710 | 2 | |a Fakulta medzinárodných vzťahov EU. Katedra medzinárodných ekonomických vzťahov a hospodárskej diplomacie | |